000 00203nam a22000857a 4500
008 161227b xxu||||| |||| 00| 0 eng d
100 _92183
_aSrivastav.N
245 _aArt-7
260 _aNew Delhi
_bRanchna
_c2010
999 _c5072
_d5072